Mascots by First Names Quiz Stats

 Plays Quiz Updated Apr 25, 2019

Score 0/24 Timer 05:00
1 Play Today
% Correct
RONALD McDonald
(McDonald's)
93.1%
TONY the Tiger
(Frosted Flakes)
91.9%
SMOKEY Bear
(US Forest Service)
86.5%
LUCKY the Leprechaun
(Lucky Charms)
85.4%
RED
(M&M's)
83.2%
CHUCK E. Cheese
(Chuck E. Cheese's)
82.3%
Uncle BEN
(Uncle Ben's)
82%
ELSIE the Cow
(Borden Dairy Company)
81.9%
CHESTER Cheetah
(Cheetos)
78.6%
WOODSY Owl
(US Forest Service)
75.9%
QUICKY
(Nesquik)
72.7%
JOE Camel
(Camel)
72.4%
% Correct
ALFRED E. Neuman
(MAD Magazine)
71.5%
Toucan SAM
(Froot Loops)
70%
CHARLIE the Tuna
(StarKist)
64.8%
HARLAND 'Colonel' Sanders
(Kentucky Fried Chicken)
62.5%
MORRIS the Cat
(9Lives)
60.9%
SONNY the Cuckoo Bird
(Cocoa Puffs)
50%
HENRY Morgan
(Captain Morgan)
49.4%
HORATIO Crunch
(Cap'n Crunch)
48%
Flat ERIC
(Levi's)
47.8%
CORNELIUS 'Corny' Rooster
(Kellogg's Corn Flakes)
38.6%
COCO the Monkey
(Coco Pops)
38.3%
JULIUS Pringles
(Pringles)
36.7%

You're not logged in!

Compare scores with friends on all Sporcle quizzes.
OR
Log In

Sporcle TV

Today on Sporcle TV


Watch our educational content, quiz creation guides, and fun videos on Sporcle TV.

Show Comments

Extras

Top Quizzes Today


Score Distribution

Your Account Isn't Verified!

In order to create a playlist on Sporcle, you need to verify the email address you used during registration. Go to your Sporcle Settings to finish the process.

Report this User

Report this user for behavior that violates our Community Guidelines.

Details: